Statistics for Philippines Provincial Capitals - Luzon

Click here to take the quiz!

General Stats

  • This quiz has been taken 1,304 times
    (1,289 since last reset)
  • The average score is 21 of 39

Answer Stats

HintAnswer% Correct
Ilocos SurVigan
78%
Metro ManilaManila
77%
La Union | PampangaSan Fernando
75%
Ilocos NorteLaoag
70%
BatanesBasco
68%
TarlacTarlac City
68%
PalawanPuerto Princesa
68%
BatangasBatangas City
65%
RizalAntipolo
64%
ZambalesIba
63%
BulacanMalolos
63%
AuroraBaler
61%
CagayanTuguegarao
59%
BenguetLa Trinidad
55%
AlbayLegazpi
55%
QuezonLucena
55%
MasbateMasbate City
53%
PangasinanLingayen
53%
RomblonRomblon
53%
SorsogonSorsogon City
52%
CatanduanesVirac
49%
Camarines NorteDaet
48%
AbraBangued
48%
BataanBalanga
47%
CaviteImus
47%
IsabelaIlagan
45%
Oriental MindoroCalapan
44%
Mountain ProvinceBontoc
44%
Camarines SurPili
44%
KalingaTabuk
43%
Nueva EcijaPalayan
43%
Nueva VizcayaBayombong
42%
MarinduqueBoac
42%
LagunaSanta Cruz
42%
IfugaoLagawe
38%
QuirinoCabarroguis
38%
Occidental MindoroMamburao
37%
ApayaoKabugao
36%

Score Distribution

Percentile by Number Answered

Percent of People with Each Score

Your Score History

You have not taken this quiz since the last reset